The art of visual exegesis : (Registro nro. 26426)

Detalles MARC
000 -LEADER
campo de control de longitud fija 02819cam a22004334i 4500
003 - IDENTIFICADOR DE NÚMERO DE CONTROL
campo de control PE-LiUPU
005 - FECHA Y HORA DE LA ÚLTIMA TRANSACCIÓN
campo de control 20250731183410.0
008 - DATOS DE LONGITUD FIJA--INFORMACIÓN GENERAL
campo de control de longitud fija 171227s2017 gaua rb 001 0 eng d
020 ## - NÚMERO INTERNACIONAL ESTÁNDAR DEL LIBRO
Número Internacional Estándar del Libro 9781628371727
035 ## - NÚMERO DE CONTROL DEL SISTEMA
Número de control de sistema (Sirsi) a240742
040 ## - FUENTE DE CATALOGACIÓN
Centro catalogador/agencia de origen PE-LiUPU
Lengua de catalogación spa
Centro/agencia transcriptor PE-LiUPU
Normas de descripción rda
049 ## - FONDOS LOCALES (OCLC)
Biblioteca depositaria PRUA
082 04 - NÚMERO DE LA CLASIFICACIÓN DECIMAL DEWEY
Número de clasificación 755.4
Cutter T46
Número de edición 23
245 04 - MENCIÓN DEL TÍTULO
Título The art of visual exegesis :
Resto del título rhetoric, texts, images /
Mención de responsabilidad, etc. Vernon K. Robbins, Walter S. Melion, and Roy R. Jeal.
264 #1 - PRODUCCIÓN, PUBLICACIÓN, DISTRIBUCIÓN, FABRICACIÓN Y COPYRIGHT
Producción, publicación, distribución, fabricación y copyright Atlanta :
Nombre del de productor, editor, distribuidor, fabricante SBL Press ;
Fecha de producción, publicación, distribución, fabricación o copyright 2017
300 ## - DESCRIPCIÓN FÍSICA
Extensión 511 páginas :
Otras características físicas ilustraciones ;
Dimensiones 23 centímetros
336 ## - TIPO DE CONTENIDO
Término de tipo de contenido text
Fuente rdacontent
337 ## - TIPO DE MEDIO
Nombre/término del tipo de medio unmediated
Fuente rdamedia
338 ## - TIPO DE SOPORTE
Nombre/término del tipo de soporte volume
Fuente rdacarrier
504 ## - NOTA DE BIBLIOGRAFÍA, ETC.
Nota de bibliografía, etc. Bibliografía : páginas 441-483.
504 ## - NOTA DE BIBLIOGRAFÍA, ETC.
Nota de bibliografía, etc. Índice : páginas 497-511.
505 0# - NOTA DE CONTENIDO CON FORMATO
Nota de contenido con formato Methodology for visual exegesis and rhetrography. New Testament texts, visual naterial culture, and earliest christian art ; Visual interpretationL blending rhetorical arts in Colossians 2:6-3:4 ; Methodology underlying the presentation of visual texture in the Gospel of John ; Eyes wide open, seeing nothing: the challenge of the Gospel of John's nonvisualizable texture for readings using visual texture -- visual exegesis using Roman visual material culture. Paul, imperial situation, and visualization in the Epistle to the Colossians ; The Galatian suicide and the transbinary semiotics of Christ curcified (Galatians 3:1): exercises in visual exegesis and critical reimagination ; Armor, peace, and gladiators: a visual exegesis of Ephesians 6:10-17 -- visual exegesis using Christian art. Graphic exegesis: reflections on the difficulty of talking about biblical images, pictures, and texts ; The gifts of epiphany: Geertgen tot Sint Jans and the adoration of the magi ; "Exactitude and fidelity"? Paintings of Christ healing the blind by Nicolas Poussin and Philippe de Champaigne ; Topos versus Topia: Herri me de Bles's visual exegesis of the parable of the Good Samaritan ; Signa resurrectionis: vision, image, and pictorial proof in Pieter Bruegel's resurrection of Circa 1562-1563.
526 ## - NOTA DE INFORMACIÓN SOBRE EL PROGRAMA DE ESTUDIO
Nombre del programa Maestría Bim Facility Management (A distancia)
526 ## - NOTA DE INFORMACIÓN SOBRE EL PROGRAMA DE ESTUDIO
Nombre del programa
526 ## - NOTA DE INFORMACIÓN SOBRE EL PROGRAMA DE ESTUDIO
Nombre del programa Educación musical y artes
526 ## - NOTA DE INFORMACIÓN SOBRE EL PROGRAMA DE ESTUDIO
Nombre del programa Educación, especialidad educación física
526 ## - NOTA DE INFORMACIÓN SOBRE EL PROGRAMA DE ESTUDIO
Nombre del programa Arquitectura
596 ## -
-- 1
630 04 - PUNTO DE ACCESO ADICIONAL DE MATERIA--TÍTULO UNIFORME
Título uniforme Biblia.
Subdivisión general Ilustraciones.
630 04 - PUNTO DE ACCESO ADICIONAL DE MATERIA--TÍTULO UNIFORME
Título uniforme Biblia.
Nombre de parte o sección de la obra N.T.
Subdivisión general Crítica, interpretación, etc.
-- Historia.
650 04 - PUNTO DE ACCESO ADICIONAL DE MATERIA--TÉRMINO DE MATERIA
Término de materia o nombre geográfico como elemento de entrada Arte cristiano y simbolismo.
700 1# - ENTRADA AGREGADA--NOMBRE PERSONAL
Nombre de persona Melion, Walter S.,
Término indicativo de función/relación editor.
700 1# - ENTRADA AGREGADA--NOMBRE PERSONAL
Nombre de persona Jeal, Roy R.,
Término indicativo de función/relación editor.
700 1# - ENTRADA AGREGADA--NOMBRE PERSONAL
Nombre de persona Melion, Walter S.,
Término indicativo de función/relación editor.
910 ## - DATOS DE OPCIÓN DEL USUARIO (OCLC)
Datos de opción del usuario dbm
-- ksl
-- ksl
-- 20171227
942 ## - ELEMENTOS DE ENTRADA SECUNDARIOS (KOHA)
Fuente del sistema de clasificación o colocación Clasificación Decimal Dewey
Tipo de ítem Koha
999 ## - NÚMEROS DE CONTROL DE SISTEMA (KOHA)
-- LC
-- 77751
-- 2019-8-12
-- 2021-11-11
-- 4
-- CCODEBUL1
-- BUL
-- 1
-- 42.50
-- 0
-- Y
-- BOOK
-- 2017-12-27
-- TEOLOGIA
-- P85
-- COMPRA
-- .STAFF. Colección Teología
980 ## - EQUIVALENCIA O REFERENCIA-CRUZADA-MENCIÓN DE SERIE--NOMBRE DE PERSONA/TÍTULO [LOCAL, CANADÁ]
ID del último usuario que modificó el registro 1
Nombre del último usuario que modificó el registro ALBERTO SANCHEZ Responsable de Automatización
Existencias
Visto por última vez Número de inventario Total de préstamos Signatura topográfica completa Código de barras Fecha del último préstamo Copia número Coste, precio de reemplazo Fecha de reemplazo Facultad Tipo de ítem Koha Nota pública Estado de pérdida Fuente del sistema de clasificación o colocación Restricciones de uso No para préstamo Colección Programa académico Biblioteca de origen Biblioteca actual Ubicación en estantería Fecha de adquisición Fuente de adquisición Coste, precio normal de compra
2025-12-03 5 1 755.4 T46 77751 2019-08-12 e1 47.50 2017-12-27   Libros físicos inventario-2023-12-13 No Perdido Clasificación Decimal Dewey No restringido Disponible para préstamos Colección General Maestría en teología Biblioteca CRAI UPeU Lima Biblioteca CRAI UPeU Lima Sala principal 2017-12-27 COMPRA 42.50